000 01387nam a2200529Ia 4500
001 100002
003 183213
005 20241205062613.0
008 ||||||n9999 ||| || ||
100 _aJiménez Castro, Wilburg
_910929
245 0 _aIntroducción al estudio de la teoría administrativa
562 _e1
650 0 _aAdministración
_93220
650 0 _aAdministración financiera
_96926
650 _aADMINISTRACIÓN--INVESTIGACIONES
_916511
650 0 _aControl organizacional
_911941
650 0 _aCoordinación organizacional
_916279
650 0 _aDirección organizacional
_9121404
650 _aOPINIÓN PÚBLICA
_92304
650 _aORGANIZACION FORMAL
_921897
650 _aORGANIZACION HUMANA
_9121405
650 _aPENSAMIENTO ADMINISTRATIVO
_912096
650 _aPLANIFICACIÓN
_93951
650 _aPOLÍTICAS
_9121406
650 _aPROGNOSIS
_9121407
650 _aSISTEMA DE ADMINISTRACIÓN DE PERSONAL
_9121408
942 _cBKM
999 _c100002
_d100002
526 _a17598
526 _a102617
526 _a102618
526 _a15794
526 _a102620
526 _a10406
526 _a105630
526 _a1698
526 _a116204
526 _a4969
526 _a19790
526 _a104436
526 _a5144
526 _a51868
526 _a3899
526 _a9683
526 _a
526 _a1703
526 _a1697